| 000 | 00602nam a2200121Ia 4500 | ||
|---|---|---|---|
| 008 | 220615s9999||||xx |||||||||||||| ||und|| | ||
| 100 | _aJinji, Naoto||Zhang, Xingyuan||Haruna, Shoji | ||
| 245 | 0 | _aDeep Integration, Global Firms, and Technology Spillovers | |
| 546 | _aEnglish[eng] | ||
| 650 | _adeep integration||regional trade agreement||technology spillovers||global firms||Tobin’s q||foreign direct investment||globalization strategy||offshore outsourcing||firm heterogeneity||Open Access | ||
| 856 | _uhttps://library.oapen.org/bitstream/20.500.12657/51502/1/9789811652103.pdf | ||
| 942 | _cEB | ||
| 999 |
_c14133 _d14133 |
||